Responses for Show #7997 - Tuesday, May 21, 2019

James Holzhauer game 24.

Contestants

[<< previous game]

Jason Mangano, a freelance writer from Fords, New Jersey

Kate Kelly, a nonprofit finance professional from New York, New York

James Holzhauer, a professional sports gambler from Las Vegas, Nevada (whose 23-day cash winnings total $1,780,237)

[next game >>]

Jeopardy! Round responses

TV CARTOON SERIES BY CHARACTERS
POTENT POTABLES
ACRONYMS & INITIALISMS
PEOPLE
TAKING UP MOST OF THE EASTERN BORDER
(Alex: We'll name a country for you. You identify the country on the eastern border.)
ADAMS NATIONAL HISTORICAL PARK
(Sarah: From their home at Adams National Historical Park, clues about our founding father and son.)
    $200 24
Scooby-Doo

Jason
    $200 30
rum

James
    $200 29
date of birth

Kate
    $200 28
Don King

Jason
    $200 27
Spain

Kate
    $200 26
Quincy

James
    $400 23
Futurama

James
    $400 18
Coke

James
    $400 17
dead on arrival

Kate
    $400 22
Edward Snowden

James
    $400 21
India

James
    $400 25
(Alex: Less than a minute now.)

Abigail Adams

Kate
    $600 19
King of the Hill

James
    $600 15
an onion

James
    $600 16
SCOTUS

Jason
    $600 14
Justin Trudeau

Kate
    $600 20
Iran

James
    $600 13
bicameral

Kate
    $800 8
Rugrats

James
    $800 11
ouzo

James
    $4,800 9
(Alex: Demilitarized zone line.)

the DMZ

James
    $800 3
Desmond Tutu

Jason
    $800 10
Egypt

Jason
    $800 12
Paris

James
    $1000 7
Bob's Burgers

Jason
    $1000 6
malt liquor

James
    $1000 5
special weapons

James
    $1000 4
(Betsy) DeVos

James
    $1000 1
Finland

James
    $1000 2
Jefferson

Kate

Scores at the first commercial break (after clue 15):

James Kate Jason
$11,800 $2,200 $2,600

Scores at the end of the Jeopardy! Round:

James Kate Jason
$15,000 $3,400 $3,600

Double Jeopardy! Round responses

NEW IN SCIENCE
1990s SONGS
PLAY TITLES IN THEIR ORIGINAL LANGUAGE
PHOTOGRAPHY
KEY "KEY"
DO YOU LOVE ME?
    $400 29
warm-blooded

James
    $400 2
"Livin' La Vida Loca"

Jason
    $400 28
Waiting for Godot

James
    $400 27
aerial

Jason
    $400 22
hockey

Jason
    $400 30
Eros

Kate
    $11,381 16
Jupiter

James
    $800 3
"Vogue"

James
    $800 1
Oedipus Rex

Jason
    $800 23
landscape

James
    $800 21
Turkey

James
    $800 15
Francophile

James
    $1200 6
testosterone

James
    $1200 5
Sheryl Crow

James
    $1200 8
Three Sisters

James
    $1200 24
time lapse

Kate
    $1200 20
the Keystone Cops

James
    $1200 13
Kurt Cobain

Jason
    $1600 4
neurons

Jason
    $1600 11
Public Enemy

James
    $1600 9
The Bald Soprano

Triple Stumper
    $1600 25
pixels

Kate
    $1600 19
a dickey

James
    $1600 12
same-sex marriage

James
    $2000 7
(Alan) Turing

James
    $2000 14
Blind Melon

Jason
    $2000 10
Death and the Maiden

Jason
    $2000 26
Zeiss

Triple Stumper
    $2000 18
a Rickey

James
    $11,914 17
Elizabeth Barrett Browning

James

Scores at the end of the Double Jeopardy! Round:

James Kate Jason
$55,895 $6,600 $12,400
(lock game)

[wagering suggestions for these scores]

Final Jeopardy! Round responses

POETRY & THE MOVIES
(Alex: It was a great film, one of my favorites. And it earned a Best Supporting Oscar for the man being honored this year by the American Film Institute for lifetime achievement.)
...
(Alex: [To Kate] Denzel Washington was the Best Supporting Actor.)
KateWhat is Glory
$6,500
JasonWhat is Glory?
$2,000
JamesWhat is Glory?
$31,010
Glory

Final scores:

James Kate Jason
$86,905 $13,100 $14,400
24-day champion: $1,867,142 3rd place: $1,000 2nd place: $2,000

Game dynamics:

Coryat scores:

James Kate Jason
$31,400 $6,600 $12,400
34 R
(including 3 DDs),
0 W
10 R,
0 W
14 R,
0 W

Combined Coryat: $50,400

[game clues] [game scores] [suggest correction]

Game tape date: Unknown
The J! Archive is created by fans, for fans. Scraping, republication, monetization, and malicious use prohibited; this site may use cookies and collect identifying information. See terms. The Jeopardy! game show and all elements thereof, including but not limited to copyright and trademark thereto, are the property of Jeopardy Productions, Inc. and are protected under law. This website is not affiliated with, sponsored by, or operated by Jeopardy Productions, Inc. Join the discussion at JBoard.tv.